| 000 | 00604nam a2200181Ia 4500 | ||
|---|---|---|---|
| 999 |
_c1071 _d1071 |
||
| 020 | _a0-85621-021-9 | ||
| 082 | _a378.10941 FIE-; | ||
| 100 | _aFielden, J. | ||
| 245 | 0 | _aPlanning and management in universities: a study of British universities | |
| 260 |
_aLondon _bSussex University Press _c1973 |
||
| 300 | _a352p. | ||
| 650 | _aUniversities and colleges - Planning - United Kingdom - | ||
| 650 | _aUniversities and colleges - Finance - United Kingdom | ||
| 650 | _aUniversities and colleges - Administration - United Kingdom | ||
| 700 | _aWood, G. Lock | ||
| 700 | _aNind, R.A. | ||
| 942 | _cBK | ||